000 00371nam a2200145Ia 4500
008 230917s9999||||xx |||||||||||||| ||und||
040 _e39236
_aMAIN
041 _aEnglish
082 _a954.5 J185S
100 _aJagjit Singh
245 4 _aThe Sikh revolution: A perpective view
260 _aNew Delhi
_bBahri Publications
_c1981
300 _ax, 360 p.
942 _cBK
999 _c216476
_d216476